书目信息 |
| 题名: |
洛克传
|
|
| 作者: | 乌尔豪斯 著 ;李红 , 白若晶 译 | |
| 分册: | ||
| 出版信息: | 北京 中国人民大学出版社 2021.08 |
|
| 页数: | 472页, 9页图版 | |
| 开本: | 24cm | |
| 丛书名: | 大师传记馆 | |
| 单 册: | ||
| 中图分类: | B561.24 | |
| 科图分类: | ||
| 主题词: | 哲学家--zhe xue jia--传记--英国--近代 | |
| 电子资源: | ||
| ISBN: | 978-7-300-29682-1 | |
| 000 | 01580nam 2200325 450 | |
| 001 | 25432 | |
| 005 | 20220919094732.43 | |
| 010 | @a978-7-300-29682-1@dCNY128.00 | |
| 100 | @a20210909d2021 em y0chiy50 ea | |
| 101 | 1 | @achi@ceng |
| 102 | @aCN@b110000 | |
| 105 | @aaf a 001yb | |
| 200 | 1 | @a洛克传@Aluo ke zhuan@f(英) 罗杰·乌尔豪斯著@g李红, 白若晶译 |
| 210 | @a北京@c中国人民大学出版社@d2021.08 | |
| 215 | @a472页, 9页图版@c图@d24cm | |
| 225 | 2 | @a大师传记馆@Ada shi zhuan ji guan@i学术即人生 |
| 312 | @a原文题名取自附加题名页 | |
| 314 | @a罗杰·乌尔豪, 约克大学荣休哲学教授。 | |
| 320 | @a有书目 (第425-440页) 和索引 | |
| 330 | @a本书作者罗杰·乌尔豪斯以诸多激动人心的历史事件为背景, 举凡英国内战、宗教不宽容与偏见、反政府的斗争与阴谋, 以及1688年光荣革命, 均与洛克丰富多彩的一生行迹交织在一起, 同时作者详细论述了洛克在诸多领域的思想发展, 包括医学、知识论、科学哲学、政治哲学、宗教哲学和经济学。本书以历史系年为序, 描述并解释了洛克的思想及其接受情况, 同时旁征博引, 涉及洛克与朋友的亲密友谊和热诚交往的私人生活细节, 以及他在越来越引发关注的公共生活中参与的角色, 包括牛津大学的导师、沙夫茨伯里伯爵的合作者、尽职尽责的公务员。 | |
| 410 | 0 | @12001 @a大师传记馆@i学术即人生 |
| 500 | 10 | @aLocke: a biography@mChinese |
| 600 | 1 | @a洛克@Aluo ke@g(Locke, John),@f1632-1704@x传记 |
| 606 | 0 | @a哲学家@Azhe xue jia@x传记@y英国@z近代 |
| 690 | @aB561.24@v5 | |
| 701 | 1 | @a乌尔豪斯@Awu er hao si@g(Woolhouse, Roger)@4著 |
| 702 | 0 | @a李红@Ali hong@4译 |
| 702 | 0 | @a白若晶@Abai ruo jing@4译 |
| 801 | 0 | @aCN@c20220910 |
| 905 | @a河南城建学院图书馆@dB561.24@eW710@f1 | |
| 洛克传/(英) 罗杰·乌尔豪斯著/李红, 白若晶译.-北京:中国人民大学出版社,2021.08 |
| 472页, 9页图版:图;24cm.-(大师传记馆.学术即人生) |
| ISBN 978-7-300-29682-1:CNY128.00 |
| 本书作者罗杰·乌尔豪斯以诸多激动人心的历史事件为背景, 举凡英国内战、宗教不宽容与偏见、反政府的斗争与阴谋, 以及1688年光荣革命, 均与洛克丰富多彩的一生行迹交织在一起, 同时作者详细论述了洛克在诸多领域的思想发展, 包括医学、知识论、科学哲学、政治哲学、宗教哲学和经济学。本书以历史系年为序, 描述并解释了洛克的思想及其接受情况, 同时旁征博引, 涉及洛克与朋友的亲密友谊和热诚交往的私人生活细节, 以及他在越来越引发关注的公共生活中参与的角色, 包括牛津大学的导师、沙夫茨伯里伯爵的合作者、尽职尽责的公务员。 |
| ● |
| 相关链接 |
|
|
|
正题名:洛克传
索取号:B561.24/W710
 
预约/预借
| 序号 | 登录号 | 条形码 | 馆藏地/架位号 | 状态 | 备注 |
| 1 | 1576271 | 215762716 | 社科库509/509社科库 18排2列5层/ [索取号:B561.24/W710] | 在馆 |